000 00763nam a2200229 a 4500
001 BRCA_3840
005 20190320204438.0
008 111209s1889----mx-a######---#000-0#fre-#
041 _afre
044 _amx
050 4 _aF1208
_b.G27 1889
100 1 _aGarcía Cubas, Antoine
_d1832-1912.
_910000
245 1 0 _aEtude geographique, statistique, descriptive et historique des Etats Unis Mexicains
_cAntoine García Cubas.
260 _aMéxico
_bImprimerie du Ministere des Travaux Publics
_c1889
300 _a415 p.
_bil.
_c20 cm.
500 _aB185
650 1 4 _aGeografía económica.
_910001
651 4 _aMéxico
_vDescripción y viajes.
_910002
710 2 _aMinisterio de Hacienda y Crédito Público (México)
_910003
902 _aGFM
942 _2lcc
_cB
999 _c3568
_d3568